[Event "OLNW 2122 Hamelner SV - SK Nordhorn Bla"]
[Site "?"]
[Date "2021.10.24"]
[Round "2.8"]
[White "Helmer, Jan"]
[Black "Scheffner, Jarno"]
[Result "1-0"]
[WhiteElo "1984"]
[BlackElo "1953"]
[PlyCount "79"]
[EventDate "2021.??.??"]

1. d4 Nf6 2. Nf3 g6 3. Nc3 Bg7 4. e4 O-O 5. Be3 d6 6. Qd2 Ng4 7. Bg5 h6 8. h3
hxg5 9. hxg4 Bxg4 10. Nxg5 e5 11. Bc4 exd4 12. Qf4 Qd7 13. Nd5 Bf5 14. Qh4 Re8
15. Nf4 Bxe4 16. Bxf7+ Qxf7 17. Nxf7 Kxf7 18. O-O-O Nc6 19. f3 Bf5 20. g4 Bd7
21. Qg5 Ne5 22. Rh7 Rh8 23. Rxg7+ Kxg7 24. Qe7+ Kg8 25. Nd5 Rf8 26. f4 Rf7 27.
Qg5 Nxg4 28. Ne7+ Rxe7 29. Qxe7 Bf5 30. Qxc7 Rh2 31. Qb8+ Kg7 32. Qxb7+ Kf6 33.
Rd2 Nf2 34. b3 d3 35. Qxa7 dxc2 36. Rxd6+ Be6 37. Qb6 Kg7 38. Qc7+ Kh6 39. Qxc2
Bf7 40. f5 1-0

[Event "OLNW 2122 Delmenhorster SK - SK Union O"]
[Site "?"]
[Date "2021.10.24"]
[Round "2.1"]
[White "Wittje, Berthold"]
[Black "Hoeffer, David"]
[Result "1/2-1/2"]
[WhiteElo "2217"]
[BlackElo "2335"]
[PlyCount "160"]
[EventDate "2021.??.??"]

1. Nf3 Nf6 2. c4 g6 3. g3 Bg7 4. Bg2 O-O 5. d4 d6 6. Nc3 a6 7. O-O Nc6 8. b3
Rb8 9. Nd5 e6 10. Nxf6+ Qxf6 11. Bg5 Qf5 12. Qd2 e5 13. d5 Nd4 14. Nxd4 exd4
15. Bh6 Bxh6 16. Qxh6 Qc2 17. Bf3 Bf5 18. Rfc1 Qb2 19. Rd1 Rfe8 20. Qd2 Qxd2
21. Rxd2 d3 22. e3 b5 23. Rc1 Rb7 24. Bg2 Kg7 25. Bf1 bxc4 26. Rxc4 Rb5 27. Rd4
Rc5 28. Bxd3 Rc1+ 29. Kg2 Bxd3 30. R2xd3 Rb8 31. Ra4 Rb6 32. Rdd4 c5 33. dxc6
Rcxc6 34. Rac4 h5 35. Kf3 Rxc4 36. Rxc4 Kf6 37. Ke4 Ke6 38. Kd4 g5 39. h3 Rb5
40. e4 g4 41. hxg4 hxg4 42. Ke3 a5 43. Kf4 f5 44. Ra4 Rc5 45. exf5+ Rxf5+ 46.
Kxg4 Rxf2 47. Rxa5 d5 48. Ra8 Ke7 49. Kg5 d4 50. Ra4 d3 51. Rd4 d2 52. a4 Ke6
53. g4 Ke5 54. Rd8 Ke4 55. a5 Ke3 56. a6 Rf1 57. Re8+ Kf2 58. Rf8+ Ke2 59. Rxf1
Kxf1 60. a7 d1=Q 61. a8=Q Qd2+ 62. Kf5 Qf2+ 63. Ke5 Qg3+ 64. Kd4 Qf2+ 65. Kd3
Qe2+ 66. Kc3 Qe3+ 67. Kb2 Qd2+ 68. Ka3 Qc1+ 69. Kb4 Qd2+ 70. Kc5 Qe3+ 71. Kc4
Qe2+ 72. Kb4 Qd2+ 73. Kb5 Qe2+ 74. Kb6 Qe3+ 75. Kc7 Qf4+ 76. Kb6 Qd4+ 77. Ka6
Qd3+ 78. Ka7 Qd4+ 79. Kb8 Qd8+ 80. Kb7 Qd5+ 1/2-1/2

[Event "OLNW 2122 Delmenhorster SK - SK Union O"]
[Site "?"]
[Date "2021.10.24"]
[Round "2.2"]
[White "Korsus, Bernd"]
[Black "Bredemeier, Dirk"]
[Result "1/2-1/2"]
[WhiteElo "2301"]
[BlackElo "2230"]
[PlyCount "39"]
[EventDate "2021.??.??"]

1. Nf3 c5 2. g3 b6 3. Bg2 Bb7 4. O-O Nf6 5. d3 d6 6. e4 g6 7. a4 a6 8. Na3 Nbd7
9. c3 Bg7 10. Bg5 O-O 11. Re1 h6 12. Bxf6 Bxf6 13. Qb3 Rb8 14. d4 cxd4 15. cxd4
Bg7 16. Qb4 Nf6 17. e5 Nd5 18. Qd2 Nc7 19. Qb4 Nd5 20. Qd2 1/2-1/2

[Event "OLNW 2122 Delmenhorster SK - SK Union O"]
[Site "?"]
[Date "2021.10.24"]
[Round "2.3"]
[White "Meessen, Max"]
[Black "Mossakowski, Florian"]
[Result "1/2-1/2"]
[WhiteElo "2177"]
[BlackElo "2281"]
[PlyCount "113"]
[EventDate "2021.??.??"]

1. d4 Nf6 2. c4 e6 3. Nc3 Bb4 4. Qc2 c5 5. dxc5 Na6 6. a3 Bxc3+ 7. Qxc3 Nxc5 8.
f3 d5 9. cxd5 b6 10. Bg5 O-O 11. Bxf6 gxf6 12. b4 Na4 13. Qb3 b5 14. e3 a6 15.
Rd1 exd5 16. Ne2 Be6 17. Nd4 Rc8 18. Bd3 Rc3 19. Qa2 Qd6 20. O-O Rfc8 21. Rfe1
Nb6 22. Qf2 Kg7 23. Qh4 h6 24. Bf5 Rg8 25. Qh5 Nd7 26. e4 Ne5 27. Bxe6 fxe6 28.
exd5 Kh7 29. dxe6 Rg5 30. Qh3 Rd3 31. Rxd3 Nxd3 32. Nf5 Qb6+ 33. Re3 Qc7 34.
Qxh6+ Kg8 35. Ne7+ Qxe7 36. Rxd3 Qa7+ 37. Kf1 Qc7 38. Rd1 Qc4+ 39. Kg1 Qxe6 40.
h4 Rxg2+ 41. Kxg2 Qe2+ 42. Kg3 Qxd1 43. Qg6+ Kh8 44. Qxf6+ Kh7 45. Kg4 Qg1+ 46.
Kh5 Qh2 47. Qg6+ Kh8 48. f4 Qe2+ 49. Kh6 Qe7 50. h5 a5 51. bxa5 b4 52. a6 bxa3
53. a7 Qf8+ 54. Kg5 Qc5+ 55. Kh6 Qf8+ 56. Kg5 Qc5+ 57. Kh6 1/2-1/2

[Event "OLNW 2122 Delmenhorster SK - SK Union O"]
[Site "?"]
[Date "2021.10.24"]
[Round "2.4"]
[White "Pahl, Theis"]
[Black "Schuette, Marc"]
[Result "1/2-1/2"]
[WhiteElo "2178"]
[BlackElo "2108"]
[PlyCount "45"]
[EventDate "2021.??.??"]

1. e4 e5 2. Bc4 Nc6 3. Nc3 Bc5 4. Qg4 Kf8 5. Qg3 Be7 6. Nge2 Bh4 7. Qf3 Qf6 8.
Qxf6 Bxf6 9. Nd5 Bd8 10. O-O d6 11. f4 Na5 12. Bb3 c6 13. Ne3 Nxb3 14. axb3 Nf6
15. d3 Bb6 16. Kh1 Ng4 17. Rf3 Nxe3 18. Bxe3 Bxe3 19. Rxe3 Bg4 20. fxe5 Bxe2
21. Rxe2 dxe5 22. Ra5 f6 23. g4 1/2-1/2

[Event "OLNW 2122 Delmenhorster SK - SK Union O"]
[Site "?"]
[Date "2021.10.24"]
[Round "2.5"]
[White "Peters, Tom"]
[Black "Hedke, Fred"]
[Result "1/2-1/2"]
[WhiteElo "2066"]
[BlackElo "2235"]
[PlyCount "126"]
[EventDate "2021.??.??"]

1. e4 e5 2. Bc4 Nc6 3. Nf3 Be7 4. c3 Nf6 5. d3 O-O 6. Nbd2 a6 7. Bb3 d6 8. Qe2
b5 9. Nf1 Na5 10. Bc2 c5 11. h3 Bb7 12. Ne3 d5 13. Nf5 c4 14. d4 exd4 15. N3xd4
dxe4 16. Bg5 Nc6 17. Nxc6 Bxc6 18. Rd1 Qe8 19. O-O Rd8 20. Bxf6 Bxf6 21. Rd6
Rxd6 22. Nxd6 Qe6 23. Nxe4 Be7 24. Re1 Re8 25. Ng3 Qf6 26. Qg4 g6 27. Nf5 Bf8
28. Rxe8 Bxe8 29. Nd4 Qd8 30. Qe4 Bg7 31. b3 b4 32. bxc4 bxc3 33. Ne2 Kf8 34.
Nf4 Qd4 35. Qxd4 Bxd4 36. Kf1 Ke7 37. Ke2 Kd6 38. Kd3 Bxf2 39. Kxc3 Bc6 40. Bd3
a5 41. Bf1 Bh4 42. Nd3 f5 43. Kd4 Bf6+ 44. Ke3 g5 45. g3 Be5 46. h4 h6 47. hxg5
hxg5 48. Nxe5 Kxe5 49. Be2 Be4 50. c5 Kd5 51. c6 Kxc6 52. Kd4 Kd6 53. a3 Bc6
54. Bd3 Bd7 55. Be2 Bc6 56. Bd3 f4 57. gxf4 gxf4 58. Be2 Bg2 59. Bg4 Bb7 60.
Be2 a4 61. Bg4 f3 62. Bxf3 Bxf3 63. Kc3 Kc5 1/2-1/2

[Event "OLNW 2122 Delmenhorster SK - SK Union O"]
[Site "?"]
[Date "2021.10.24"]
[Round "2.6"]
[White "Pahl, Erik"]
[Black "Heinemann, Ernst"]
[Result "1-0"]
[WhiteElo "2080"]
[BlackElo "2168"]
[PlyCount "127"]
[EventDate "2021.??.??"]

1. e4 c5 2. Nf3 a6 3. Nc3 b5 4. d4 e6 5. Be3 Qc7 6. a3 Bb7 7. Bd3 c4 8. Be2 Nf6
9. Nd2 d5 10. e5 Ne4 11. Ncxe4 dxe4 12. c3 Nd7 13. O-O Be7 14. Qc2 Qc6 15. f3
exf3 16. Bxf3 Qc7 17. Bxb7 Qxb7 18. Ne4 f5 19. exf6 gxf6 20. Rae1 Qd5 21. Ng3
O-O-O 22. Ne2 Bd6 23. Bf4 Rhg8 24. Rf2 f5 25. Bxd6 Qxd6 26. Nf4 Rde8 27. a4 Nf6
28. axb5 Ne4 29. Rxe4 fxe4 30. Qxe4 axb5 31. Qa8+ Qb8 32. Qc6+ Qc7 33. Qxb5 Re7
34. g3 Rd8 35. Re2 Rd6 36. Re5 Rb6 37. Qa4 Qb7 38. Qxc4+ Kb8 39. b4 Qf3 40. Qd3
Qxd3 41. Nxd3 Ra7 42. Kf2 Rba6 43. Kf3 Ra3 44. Rc5 Ra2 45. Ne5 R7a3 46. Kf4
Rxh2 47. g4 Rc2 48. c4 Rd2 49. Nc6+ Kc7 50. Ke5 Re3+ 51. Kf6 Kd6 52. Ne5 Rf2+
53. Kg7 Re4 54. Rc6+ Ke7 55. Rc7+ Ke8 56. Rc8+ Ke7 57. b5 Rb2 58. Rb8 Kd6 59.
Rb6+ Kc7 60. Rxe6 Rxd4 61. Kxh7 Rg2 62. c5 Rb2 63. Re7+ Kd8 64. Nc6+ 1-0

[Event "OLNW 2122 Delmenhorster SK - SK Union O"]
[Site "?"]
[Date "2021.10.24"]
[Round "2.7"]
[White "Modder, Frank"]
[Black "Margraf, Daniel"]
[Result "0-1"]
[WhiteElo "1929"]
[BlackElo "2243"]
[PlyCount "118"]
[EventDate "2021.??.??"]

1. d4 Nf6 2. Nf3 e6 3. g3 b6 4. Bg2 Bb7 5. O-O Be7 6. c4 O-O 7. Nc3 Ne4 8. Qc2
f5 9. b3 Nxc3 10. Qxc3 d6 11. Bb2 Qc8 12. a4 Nd7 13. Qe3 Rf6 14. a5 h6 15. axb6
axb6 16. Rxa8 Bxa8 17. Ra1 Bb7 18. Bc3 g5 19. Ne1 Bxg2 20. Nxg2 Qb7 21. f4 Qe4
22. Qxe4 fxe4 23. fxg5 hxg5 24. Ra7 Bd8 25. Bd2 Rf8 26. Ne3 Kf7 27. Bb4 Ke7 28.
Bd2 Nf6 29. Kg2 Kd7 30. Nd1 Rg8 31. Nc3 d5 32. h3 Be7 33. Nb5 Ne8 34. Ra6 Nf6
35. Ra7 Bd8 36. Ra8 Ne8 37. Rb8 Bf6 38. Be3 c6 39. Na3 Kc7 40. Ra8 Kb7 41. Ra4
Nd6 42. Nc2 b5 43. cxb5 cxb5 44. Ra2 Nf5 45. Bf2 Rc8 46. g4 Ne7 47. Be1 Ng6 48.
e3 Be7 49. Nb4 Rc1 50. Kf2 Rxe1 51. Kxe1 Bxb4+ 52. Kf1 Nh4 53. Rc2 Nf3 54. Ra2
Bc3 55. Ke2 b4 56. Rc2 e5 57. dxe5 d4 58. Ra2 d3+ 59. Kd1 Nxe5 0-1

[Event "OLNW 2122 Delmenhorster SK - SK Union O"]
[Site "?"]
[Date "2021.10.24"]
[Round "2.8"]
[White "Meyer, Thorsten"]
[Black "Schaefer, Maik"]
[Result "0-1"]
[WhiteElo "1971"]
[BlackElo "1884"]
[PlyCount "74"]
[EventDate "2021.??.??"]

1. e4 c5 2. Nf3 d6 3. d4 cxd4 4. Nxd4 Nf6 5. Nc3 a6 6. Be2 e5 7. Nb3 Be7 8. Be3
Be6 9. Bf3 Nbd7 10. O-O O-O 11. Qd2 Qc7 12. Rfd1 Rfd8 13. Rac1 Rac8 14. g3 Bf8
15. Nd5 Nxd5 16. exd5 Bh3 17. Qb4 Nc5 18. Nxc5 dxc5 19. Qh4 Bf5 20. g4 Bg6 21.
g5 b5 22. Qg4 Rd6 23. h4 f5 24. gxf6 Rxf6 25. Bg5 Bf5 26. Qg2 Rd6 27. Be4 Qf7
28. Rd3 h6 29. Bd2 Bxe4 30. Qxe4 Rf6 31. Be3 Bd6 32. c4 Rf8 33. Rc2 Qh5 34.
cxb5 axb5 35. Bxc5 Bxc5 36. Rxc5 Rxf2 37. d6 R2f4 0-1

[Event "OLNW 2122 HSK Lister Turm - SV Werder B"]
[Site "?"]
[Date "2021.10.24"]
[Round "2.1"]
[White "Kardoeus, David"]
[Black "Schneider, Ilja"]
[Result "0-1"]
[WhiteElo "2186"]
[BlackElo "2484"]
[PlyCount "152"]
[EventDate "2021.??.??"]

1. e4 e5 2. Nf3 Nf6 3. Nxe5 d6 4. Nf3 Nxe4 5. c4 Nc6 6. Nc3 Nxc3 7. dxc3 Bf5 8.
Be2 Be7 9. Qd5 Qd7 10. Be3 O-O 11. Nd4 Nxd4 12. Bxd4 Rfe8 13. O-O Bf6 14. Bf3
c6 15. Qa5 Bxd4 16. cxd4 Be4 17. Qa3 d5 18. c5 Bxf3 19. Qxf3 Re4 20. Qc3 Qe7
21. Rfe1 Re8 22. Kf1 Qh4 23. f3 R4e6 24. Rxe6 Rxe6 25. h3 g5 26. Qd2 h5 27. Kg1
Kg7 28. Rf1 Qg3 29. Qf2 Qf4 30. g3 Qf5 31. Qd2 Qxh3 32. Qxg5+ Rg6 33. Qe5+ Kh7
34. g4 hxg4 35. Qh2 gxf3+ 36. Kh1 Qxh2+ 37. Kxh2 Rg2+ 38. Kh3 Rxb2 39. Rxf3 Kg7
40. Kg4 Rd2 41. Kf5 Rxd4 42. Rg3+ Kf8 43. Rb3 Rc4 44. Rxb7 Kg7 45. Rxa7 Rxc5
46. a4 Rc4 47. a5 Ra4 48. Rc7 Rxa5 49. Rxc6 Ra1 50. Rc2 Rd1 51. Rg2+ Kf8 52.
Re2 d4 53. Ke4 f6 54. Kd5 Kf7 55. Rf2 Kg6 56. Rg2+ Kf5 57. Rf2+ Kg5 58. Ke4
Re1+ 59. Kxd4 f5 60. Kd3 Kg4 61. Kd2 Re8 62. Rg2+ Kf3 63. Rg1 f4 64. Rg7 Kf2
65. Rf7 f3 66. Rf6 Rd8+ 67. Kc2 Ke2 68. Re6+ Kf1 69. Rg6 f2 70. Rg7 Rd5 71. Kc3
Ke2 72. Re7+ Kf3 73. Rf7+ Ke3 74. Kc4 Rd4+ 75. Kc3 Rf4 76. Rxf4 Kxf4 0-1

[Event "OLNW 2122 HSK Lister Turm - SV Werder B"]
[Site "?"]
[Date "2021.10.24"]
[Round "2.2"]
[White "Abel, Dennes"]
[Black "Brinkmann, Fabian"]
[Result "1/2-1/2"]
[WhiteElo "2451"]
[BlackElo "2135"]
[PlyCount "90"]
[EventDate "2021.??.??"]

1. d4 d5 2. c4 c6 3. Nf3 Nf6 4. Qb3 e6 5. Nbd2 Nbd7 6. g3 Bd6 7. Bg2 O-O 8. O-O
Re8 9. Rd1 Qe7 10. e3 h6 11. Qc2 b6 12. e4 dxe4 13. Nxe4 Nxe4 14. Qxe4 Bb7 15.
Bf4 Bxf4 16. Qxf4 Rac8 17. Rd2 c5 18. dxc5 Nxc5 19. Rad1 Red8 20. Ne5 Rxd2 21.
Rxd2 Bxg2 22. Kxg2 f6 23. Nf3 Rd8 24. a3 Rxd2 25. Nxd2 e5 26. Qe3 Qd6 27. b4
Ne6 28. f3 Kf7 29. h4 Qd4 30. Kf2 Qb2 31. Qd3 Nd4 32. h5 Qc2 33. Qe3 Nf5 34.
Qe2 Qc3 35. g4 Qd4+ 36. Kg2 Ne3+ 37. Kh3 Ke6 38. c5 Nd5 39. Qe1 bxc5 40. Nb3
Qb2 41. Nxc5+ Kf7 42. Kg3 Nf4 43. Qf1 Kg8 44. Ne4 Qa2 45. a4 Qxa4 1/2-1/2

[Event "OLNW 2122 HSK Lister Turm - SV Werder B"]
[Site "?"]
[Date "2021.10.24"]
[Round "2.3"]
[White "Bach, Matthias"]
[Black "Hampel, Felix"]
[Result "0-1"]
[WhiteElo "2238"]
[BlackElo "2307"]
[PlyCount "72"]
[EventDate "2021.??.??"]

1. d4 g6 2. c4 Bg7 3. f4 Nf6 4. Nc3 d5 5. cxd5 Nxd5 6. e4 Nxc3 7. bxc3 O-O 8.
Ba3 b6 9. Nf3 c5 10. e5 cxd4 11. cxd4 Bb7 12. Be2 Qd7 13. O-O Rd8 14. Kh1 Nc6
15. Qe1 e6 16. Qh4 Qd5 17. Ng5 h6 18. Nxf7 Nxd4 19. Nxh6+ Bxh6 20. Bf3 Nxf3 21.
Qxh6 Nh4 22. Rg1 Nf5 23. Qxg6+ Ng7 24. Raf1 Qd3 25. f5 exf5 26. e6 Qxa3 27.
Rxf5 Qh3 28. Rg5 Qh7 29. Qf7+ Kh8 30. e7 Rg8 31. Rf1 Be4 32. Rf4 Rac8 33. Kg1
Rc1+ 34. Kf2 Bc6 35. Qxg8+ Qxg8 36. Rf8 Rc5 0-1

[Event "OLNW 2122 HSK Lister Turm - SV Werder B"]
[Site "?"]
[Date "2021.10.24"]
[Round "2.4"]
[White "Voege, Tobias"]
[Black "Buchal, Stephan"]
[Result "1-0"]
[WhiteElo "2292"]
[BlackElo "2270"]
[PlyCount "77"]
[EventDate "2021.??.??"]

1. d4 g6 2. c4 Bg7 3. Nc3 d6 4. Nf3 Nf6 5. Bg5 Nbd7 6. e3 h6 7. Bh4 g5 8. Bg3
Nh5 9. Be2 c5 10. d5 Nxg3 11. hxg3 a6 12. a4 Ne5 13. Nd2 Bd7 14. f4 Ng6 15. Qc2
g4 16. Bd3 O-O 17. Rh5 b5 18. axb5 axb5 19. Rxa8 Qxa8 20. cxb5 Qa5 21. Kf2 Qb4
22. Nc4 Rb8 23. b6 Ra8 24. Rh1 e6 25. b7 Qxb7 26. Nxd6 Qb8 27. Nxf7 Kxf7 28.
Bxg6+ Kg8 29. Be4 Ra6 30. Rd1 Rb6 31. Rd2 Kh8 32. Qc1 exd5 33. Bxd5 Bf5 34. b3
Rd6 35. Bc4 Qd8 36. Rd5 Bg6 37. Qd1 Rxd5 38. Qxd5 Qf8 39. Na4 1-0

[Event "OLNW 2122 HSK Lister Turm - SV Werder B"]
[Site "?"]
[Date "2021.10.24"]
[Round "2.5"]
[White "Franke, Reiner"]
[Black "Buchenau, Frank"]
[Result "1-0"]
[WhiteElo "2247"]
[BlackElo "2285"]
[PlyCount "71"]
[EventDate "2021.??.??"]

1. Nf3 Nf6 2. c4 e6 3. g3 b6 4. Bg2 Bb7 5. O-O Be7 6. Nc3 O-O 7. d4 Ne4 8. Qc2
Nxc3 9. Qxc3 f5 10. Rd1 Bf6 11. b4 a5 12. b5 d6 13. a4 Qe7 14. Ba3 g5 15. Rac1
Qg7 16. h4 h6 17. Qe3 Nd7 18. hxg5 hxg5 19. Qxe6+ Kh8 20. Qxf5 Rae8 21. Ne5
Bxg2 22. Nxd7 Be4 23. Qh3+ Kg8 24. Nxf8 g4 25. Qh5 Rxf8 26. Bb2 Qg5 27. Qxg5+
Bxg5 28. Rc3 Rf7 29. Rf1 Bd2 30. Ra3 Bb4 31. Re3 Bc2 32. Ra1 Bd2 33. Re8+ Kh7
34. Kg2 Kg6 35. Rh1 Bxa4 36. Rh4 1-0

[Event "OLNW 2122 HSK Lister Turm - SV Werder B"]
[Site "?"]
[Date "2021.10.24"]
[Round "2.6"]
[White "Hoerstmann, Rudi"]
[Black "Elmali, Timur"]
[Result "1/2-1/2"]
[WhiteElo "2225"]
[BlackElo "2136"]
[PlyCount "78"]
[EventDate "2021.??.??"]

1. d4 Nf6 2. c4 g6 3. Nc3 Bg7 4. e4 d6 5. Nf3 O-O 6. h3 c5 7. Be3 cxd4 8. Nxd4
Nc6 9. Be2 Bd7 10. O-O a6 11. Rc1 Nxd4 12. Bxd4 Bc6 13. Qc2 Rc8 14. Rfd1 Qa5
15. a3 Bh6 16. Bxf6 exf6 17. Rb1 Qe5 18. Qd3 Rfd8 19. Bf1 Bf8 20. Rbc1 Re8 21.
Re1 a5 22. Rcd1 Re6 23. Re2 Qc5 24. Rb1 Bd7 25. Rc2 Bg7 26. b4 axb4 27. axb4
Qe5 28. Re2 Ree8 29. Nd5 Bc6 30. Nb6 Rcd8 31. f3 f5 32. Nd5 Qd4+ 33. Qxd4 Bxd4+
34. Kh1 fxe4 35. Rd1 Bg7 36. Rxe4 Rxe4 37. fxe4 Re8 38. Bd3 Bxd5 39. exd5 Bc3
1/2-1/2

[Event "OLNW 2122 HSK Lister Turm - SV Werder B"]
[Site "?"]
[Date "2021.10.24"]
[Round "2.7"]
[White "Steffens, Olaf"]
[Black "Hoerstmann, Martin"]
[Result "1-0"]
[WhiteElo "2092"]
[BlackElo "2216"]
[PlyCount "63"]
[EventDate "2021.??.??"]

1. b4 e5 2. a3 a5 3. Bb2 d5 4. b5 Nd7 5. e3 c5 6. g3 Ngf6 7. Bg2 Bd6 8. f4 Qe7
9. Nh3 Nb6 10. O-O O-O 11. d3 Re8 12. Nf2 a4 13. Nd2 exf4 14. exf4 d4 15. Nde4
Nfd5 16. Qh5 Ne3 17. Rfe1 Rd8 18. Rxe3 dxe3 19. Nf6+ Qxf6 20. Bxf6 exf2+ 21.
Kxf2 gxf6 22. Be4 Be6 23. Qxh7+ Kf8 24. Re1 Ke7 25. Bf5 Be5 26. fxe5 fxe5 27.
Rxe5 Kf6 28. Rxe6+ fxe6 29. Qg6+ Ke5 30. Qxe6+ Kd4 31. Qf6+ Kd5 32. Be4# 1-0

[Event "OLNW 2122 HSK Lister Turm - SV Werder B"]
[Site "?"]
[Date "2021.10.24"]
[Round "2.8"]
[White "Payyappat, Sreyas"]
[Black "Heldt, Nils-Lennart"]
[Result "1-0"]
[WhiteElo "2244"]
[BlackElo "2074"]
[PlyCount "71"]
[EventDate "2021.??.??"]

1. e4 e5 2. Nf3 Nc6 3. Bc4 Bc5 4. c3 Nf6 5. d4 exd4 6. e5 d5 7. Bb5 Ne4 8. cxd4
Bb4+ 9. Bd2 Be7 10. Nc3 O-O 11. Qc2 Nb4 12. Qb3 Nxd2 13. Nxd2 Bf5 14. Rc1 c6
15. Be2 Qb6 16. O-O Qxd4 17. Nf3 Qb6 18. Na4 Qa5 19. Nd4 Bg6 20. a3 Nd3 21.
Bxd3 Bxd3 22. Rfd1 Bg6 23. f4 Be4 24. Qxb7 c5 25. Qxe7 cxd4 26. Rxd4 Rfc8 27.
Nc3 Qb6 28. Qb4 Qg6 29. Rd2 a5 30. Qd6 d4 31. Qxg6 Bxg6 32. Rxd4 Rab8 33. Rcd1
h5 34. R1d2 Kf8 35. Rd5 Rc4 36. g3 1-0

[Event "OLNW 2122 SK Lehrte - Hamelner SV"]
[Site "?"]
[Date "2021.11.21"]
[Round "3.1"]
[White "Bode, Wilfried"]
[Black "Stelmaszyk, Nico"]
[Result "1-0"]
[WhiteElo "2349"]
[BlackElo "2300"]
[PlyCount "137"]
[EventDate "2021.??.??"]

1. c4 c5 2. Nf3 Nc6 3. Nc3 Nf6 4. g3 g6 5. Bg2 Bg7 6. d4 cxd4 7. Nxd4 O-O 8.
O-O Nxd4 9. Qxd4 d6 10. Qd3 Rb8 11. Be3 b6 12. b3 Bb7 13. Rac1 Qd7 14. Bd4 Bxg2
15. Kxg2 Ne8 16. Bxg7 Kxg7 17. e4 Nc7 18. f4 Rfd8 19. Rfd1 Qc6 20. Nd5 Qd7 21.
Nc3 Qc6 22. Qf3 Qb7 23. e5 Qxf3+ 24. Kxf3 dxe5 25. fxe5 Kf8 26. Ke3 Ke8 27. Nd5
Rd7 28. Nxc7+ Rxc7 29. Rd5 e6 30. Rd4 Rc5 31. Ke4 Rd8 32. Rxd8+ Kxd8 33. b4 Rc7
34. Kd4 Rd7+ 35. Kc3 Ke7 36. Rf1 h5 37. a4 Rd8 38. a5 bxa5 39. b5 Rd7 40. Ra1
f6 41. exf6+ Kxf6 42. Rxa5 e5 43. c5 Ke6 44. Ra1 g5 45. c6 Rd5 46. Kc4 Rd4+ 47.
Kc5 Rd5+ 48. Kb4 Rd4+ 49. Ka5 Kd6 50. Ka6 Kc7 51. Kxa7 Rb4 52. Ka6 Rb2 53. Ka5
Rxh2 54. Kb4 Rb2+ 55. Kc4 h4 56. gxh4 gxh4 57. Ra7+ Kb6 58. Rb7+ Ka5 59. Ra7+
Kb6 60. Ra6+ Kc7 61. Kc5 Rc2+ 62. Kd5 Rd2+ 63. Kxe5 Rb2 64. Ra7+ Kc8 65. Kd6
Kb8 66. Rb7+ Ka8 67. Kc7 h3 68. b6 h2 69. Ra7# 1-0

[Event "OLNW 2122 SK Lehrte - Hamelner SV"]
[Site "?"]
[Date "2021.11.21"]
[Round "3.2"]
[White "Schirm, Friedmar"]
[Black "Renner, Kai"]
[Result "1-0"]
[WhiteElo "2249"]
[BlackElo "2171"]
[PlyCount "74"]
[EventDate "2021.??.??"]

1. d4 f5 2. g3 Nf6 3. Bg2 g6 4. Nf3 Bg7 5. O-O O-O 6. c4 d6 7. Nc3 Qe8 8. d5
Na6 9. Rb1 Bd7 10. b4 c6 11. dxc6 bxc6 12. b5 cxb5 13. cxb5 Nc5 14. a4 Rc8 15.
Bb2 a6 16. bxa6 Nxa6 17. Nd4 Nc5 18. Ndb5 Ng4 19. Nd5 Bxb2 20. Rxb2 Rb8 21.
Nbc7 Qf7 22. Rxb8 Rxb8 23. a5 e6 24. a6 Bc6 25. a7 Rc8 26. Ne7+ Qxe7 27. Bxc6
Qxc7 28. a8=Q Rxa8 29. Bxa8 Nf6 30. Qa1 Ncd7 31. Rc1 Qb8 32. Qa6 Kg7 33. Bf3
Ne5 34. Bb7 Qd8 35. f4 Nf7 36. Rc8 Qe7 37. Qb6 d5 {ZÜ} 1-0

[Event "OLNW 2122 SK Lehrte - Hamelner SV"]
[Site "?"]
[Date "2021.11.21"]
[Round "3.3"]
[White "van Son, Lutz"]
[Black "Schruefer, Guenther"]
[Result "1/2-1/2"]
[WhiteElo "2176"]
[BlackElo "2198"]
[PlyCount "69"]
[EventDate "2021.??.??"]

1. e4 c5 2. Nf3 d6 3. Bb5+ Bd7 4. Bxd7+ Qxd7 5. O-O Nf6 6. Re1 e6 7. c3 Nc6 8.
d4 cxd4 9. cxd4 d5 10. e5 Ne4 11. Nc3 Nxc3 12. bxc3 Be7 13. Qd3 h6 14. Rb1 Na5
15. Nd2 b6 16. Re3 Qa4 17. Rg3 Qd1+ 18. Qf1 Qxf1+ 19. Kxf1 g6 20. Ke2 Rc8 21.
Kd3 Rc7 22. Rh3 h5 23. Nf3 Kd7 24. Bd2 Rhc8 25. Ng1 Rc4 26. Ne2 Ra4 27. Rb2 Nc4
28. Rc2 Na3 29. Rb2 Nc4 30. Rc2 b5 31. Bc1 a6 32. g4 h4 33. g5 Ba3 34. f4 Rh8
35. Bxa3 1/2-1/2

[Event "OLNW 2122 SK Lehrte - Hamelner SV"]
[Site "?"]
[Date "2021.11.21"]
[Round "3.4"]
[White "Zschischang, Marine"]
[Black "Koch, Yannick"]
[Result "1/2-1/2"]
[WhiteElo "2060"]
[BlackElo "2101"]
[PlyCount "102"]
[EventDate "2021.??.??"]

1. d4 Nf6 2. Nf3 d5 3. c4 e6 4. Nc3 Be7 5. Bg5 O-O 6. e3 b6 7. cxd5 exd5 8. Qc2
Bb7 9. O-O-O Ne4 10. Bxe7 Qxe7 11. Kb1 Nd7 12. Bd3 Rfe8 13. h4 c5 14. Bb5 Red8
15. Bxd7 Rxd7 16. dxc5 Nxc3+ 17. Qxc3 bxc5 18. Qe5 Rad8 19. Rd2 d4 20. Qxe7
Rxe7 21. exd4 Bxf3 22. gxf3 cxd4 23. Rhd1 Red7 24. Rd3 g6 25. Rg1 Kg7 26. Rg5
Re8 27. Rc5 Re1+ 28. Rc1 Re5 29. Rc4 Red5 30. b4 Kh6 31. Kc2 Kh5 32. Rd1 Rf5
33. Rdxd4 Rxd4 34. Rxd4 Rxf3 35. b5 Rxf2+ 36. Kb3 f5 37. Rd7 Kxh4 38. Rxh7+ Kg4
39. Rxa7 Rf1 40. Kc2 Rf2+ 41. Kc3 Rf1 42. b6 Rb1 43. Ra4+ f4 44. Rb4 Rxb4 45.
Kxb4 f3 46. b7 f2 47. b8=Q f1=Q 48. Qc8+ Qf5 49. Qc4+ Kh3 50. a4 Qf8+ 51. Kb3
Qf3+ 1/2-1/2

[Event "OLNW 2122 SK Lehrte - Hamelner SV"]
[Site "?"]
[Date "2021.11.21"]
[Round "3.5"]
[White "Schmidt, Dennis"]
[Black "Zschischang, Gunnar"]
[Result "1/2-1/2"]
[WhiteElo "2079"]
[BlackElo "2103"]
[PlyCount "43"]
[EventDate "2021.??.??"]

1. e4 c5 2. Nf3 e6 3. d3 d5 4. Nbd2 Nf6 5. g3 Nc6 6. Bg2 Be7 7. O-O b6 8. Re1
Bb7 9. e5 Nd7 10. Nf1 g5 11. g4 h5 12. h3 hxg4 13. hxg4 Qc7 14. Qe2 O-O-O 15.
c3 Ba6 16. b3 Rde8 17. c4 d4 18. Ng3 Bb7 19. a3 f6 20. exf6 Bxf6 21. Nh5 Nce5
22. Nxe5 1/2-1/2

[Event "OLNW 2122 SK Lehrte - Hamelner SV"]
[Site "?"]
[Date "2021.11.21"]
[Round "3.6"]
[White "Beduerftig, Heinrich"]
[Black "Jacobi, Felix-Hagen"]
[Result "0-1"]
[WhiteElo "2170"]
[BlackElo "2106"]
[PlyCount "80"]
[EventDate "2021.??.??"]

1. c4 e5 2. g3 Nc6 3. Bg2 d6 4. Nc3 Be6 5. d3 Qd7 6. Rb1 Be7 7. b4 Rb8 8. b5
Nd8 9. Qa4 Ra8 10. Nd5 Nf6 11. Nxe7 Kxe7 12. Ba3 a6 13. c5 Nd5 14. Bxd5 Bxd5
15. Nf3 f6 16. cxd6+ cxd6 17. Qa5 Ne6 18. b6 Bc6 19. e4 Kf7 20. O-O Rhd8 21.
Rfd1 d5 22. Qe1 Rac8 23. Rbc1 Ba4 24. Rxc8 Rxc8 25. Rc1 Rxc1 26. Bxc1 dxe4 27.
dxe4 Qd3 28. Qe3 Qb1 29. Nh4 Nd4 30. Kg2 Bc6 31. f3 Qxa2+ 32. Kh3 Bd7+ 33. g4
h5 34. Nf5 hxg4+ 35. fxg4 Bxf5 36. exf5 Qb3 37. Qxb3+ Nxb3 38. Ba3 Nd2 39. Kg3
Nc4 40. Bc5 a5 0-1

[Event "OLNW 2122 SK Lehrte - Hamelner SV"]
[Site "?"]
[Date "2021.11.21"]
[Round "3.8"]
[White "Hagemann, Elmar"]
[Black "Moeller, Jonas"]
[Result "1/2-1/2"]
[WhiteElo "2267"]
[BlackElo "1861"]
[PlyCount "43"]
[EventDate "2021.??.??"]

1. e4 e5 2. Bc4 Nf6 3. d3 Nc6 4. Nc3 Na5 5. Bb3 Nxb3 6. axb3 d5 7. Nf3 dxe4 8.
Nxe5 exd3 9. O-O Be7 10. Nxd3 O-O 11. Qf3 c6 12. h3 Be6 13. Rd1 Qc8 14. Be3 b6
15. Ne5 Nd5 16. Nxc6 Qxc6 17. Nxd5 Bxd5 18. Qxd5 Qxc2 19. Rdc1 Qxb2 20. Bd4 Qd2
21. Rd1 Qg5 22. Be3 1/2-1/2

[Event "OLNW 2122 SVG Salzgitter - Delmenhorste"]
[Site "?"]
[Date "2021.11.21"]
[Round "3.1"]
[White "Korsus, Bernd"]
[Black "Riemay, David"]
[Result "0-1"]
[WhiteElo "2299"]
[BlackElo "2158"]
[PlyCount "82"]
[EventDate "2021.??.??"]

1. d4 d6 2. g3 Nf6 3. Bg2 g6 4. Nf3 Bg7 5. O-O O-O 6. c4 Nbd7 7. d5 Nb6 8. Na3
e6 9. dxe6 Bxe6 10. Nd4 Bc8 11. Bf4 Re8 12. c5 Nbd5 13. c6 Nxf4 14. gxf4 b6 15.
e3 Bg4 16. Qd3 Qc8 17. Rfe1 Bh3 18. Bf3 g5 19. fxg5 Ng4 20. Bg2 Ne5 21. Qf1
Bxg2 22. Qxg2 Nd3 23. Red1 Bxd4 24. Rxd3 Bxb2 25. Rad1 Bxa3 26. Rxa3 Qf5 27.
Rd5 Qb1+ 28. Qf1 Qe4 29. Qg2 a5 30. Rad3 Kg7 31. Qh3 Re6 32. Qh5 Rae8 33. h4
Re5 34. Qh6+ Kg8 35. Rxe5 Rxe5 36. Qf6 Rf5 37. Qd8+ Kg7 38. Rd4 Qxc6 39. h5 Qf3
40. h6+ Kg6 41. Rf4 Qd1+ 0-1